000 01121nam a22003137a 4500
003 CHAP
005 20220329135755.0
008 971013s1965 r 00010 d
010 _a41868
011 _a42840
035 _a46970
040 _cCHAP
082 _a153.1
_bM8
100 0 0 _aMussin, Paul H.
_eed.
_979902
245 _aEuropean research in cognitive development
_b: report of the International Conference on Cognitive Development
260 _a(Chicago :
_bUniversity of Chicago Press),
_c(1965)
300 _a124 p.
_b: ilus
490 _aSociety for Research in Child Development. Monographs
_v; 100
590 _aBATCH-UPD
_b10
_c20130110
_lUCH01
_h0239
590 _aBATCH-UPD
_b10
_c20130110
_lUCH01
_h2154
590 _aBATCH-UPD
_b10
_c20130410
_lUCH01
_h1502
590 _aBATCH-UPD
_b10
_c20130914
_lUCH01
_h1000
590 _aCONVERSION
_b10
_c20130109
_lUCH01
_h1323
650 1 4 _aCognición.
_924357
830 0 _aSociety for Research in Child Development. Monographs
_v; 100
_9108181
901 _aBK
942 _cLIBRO
949 _a153.1 M8
_bBC
_cLIBRO
_d33724000231551
_eLIBRO
_h12760
_i46970
_si
_t37.50
999 _c41868
_d41868